000 00724nam a2200217 a 4500
001 000016571
003 OSt
005 20210628132527.0
008 100308s2000 dr d r 000 0 spa d
020 _a9993490008
040 _aDO-SdBNP
_bspa
_cBNPHU
082 _bR234s
100 1 _aRathe, Magdalena
_936842
245 1 0 _aSalud y equidad /
_cMagdalena Rathe ; presentación Paul Schenkel.
260 _aSanto Domingo :
_bMacro International,
_c2000.
300 _a166 p. :
_bil., diagr. ;
_c25 cm.
500 _aUna mirada al financiamiento de la salud en la República Dominicana
504 _aIncluye referencias bibliográficas y notas al pie de las páginas
590 _aInventariado, 2019/BT
942 _2ddc
_cLBS1
999 _c16104
_d16104